000 00557 a2200181 4500
999 _c1739
_d1739
020 _a9780198328230
050 _aHF5689.IZH 2001
100 _aIzhar, Riad
245 _aAccounting, costing, and management /
_cRiad Izhar; Janet Hontoir
250 _a2nd ed
264 _aOxford :
_bOxford University Press,
_c2001.
300 _avi, 506 pages : illustrations ; 30 cm
500 _aPrevious edition: 1990. Includes index.
650 _a Cost accounting.
650 _a Accountancy.
700 _a Janet Hontoir
942 _2lcc
_cBK
_e2nd
_h5689
_iIZH
_kHF